[Event "MEX-ch U26 (Women)"]
[Site "Puebla"]
[Date "2014.04.29"]
[Round "5.5"]
[White "Lazo Gomez, Ingrid Shadani"]
[Black "Aquino Flores, Judith Tania"]
[Result "1-0"]
[WhiteElo "1448"]
[BlackElo "1914"]
[PlyCount "79"]
[EventDate "2014.04.28"]
[EventType "swiss"]
[EventRounds "6"]
[EventCountry "MEX"]
[SourceTitle "CBM 160 Extra"]
[Source "ChessBase"]
[SourceDate "2014.07.01"]
[SourceVersion "1"]
[SourceVersionDate "2014.07.01"]
[SourceQuality "1"]

1. e4 e5 2. Nf3 Nc6 3. Bc4 Bc5 4. c3 Nf6 5. d4 exd4 6. cxd4 Bb4+ 7. Bd2 Bxd2+ 8. Nbxd2 d5 9. exd5 Nxd5 10. 0-0 0-0 11. Rc1 Bf5 12. Bxd5 Qxd5 13. Rc3 Qd7 14. Nc4 Rad8 15. Nfe5 Nxe5 16. Nxe5 Qxd4 17. Qxd4 Rxd4 18. Nf3 Rf4 19. Rxc7 Ra4 20. a3 Be4 21. Ne5 Ra5 22. Nd7 Rd8 23. Nc5 f5 24. Nxb7 Bxb7 25. Rxb7 a6 26. g3 Rb5 27. Rxb5 axb5 28. Rc1 Rd2 29. b4 Rd3 30. Rc5 Rxa3 31. Rxf5 Rb3 32. Rxb5 Kf7 33. Kg2 h6 34. Rb7+ Kf6 35. b5 h5 36. b6 g6 37. Rb8 Kg5 38. b7 h4 39. gxh4+ Kg4 40. h5 1-0

[Event "MEX-ch U26 (Women)"]
[Site "Puebla"]
[Date "2014.04.28"]
[Round "1.4"]
[White "Parrilla Martinez, Sudhes"]
[Black "Aquino Flores, Judith Tania"]
[Result "0-1"]
[WhiteElo "1432"]
[BlackElo "1914"]
[PlyCount "68"]
[EventDate "2014.04.28"]
[EventType "swiss"]
[EventRounds "6"]
[EventCountry "MEX"]
[SourceTitle "CBM 160 Extra"]
[Source "ChessBase"]
[SourceDate "2014.07.01"]
[SourceVersion "1"]
[SourceVersionDate "2014.07.01"]
[SourceQuality "1"]

1. d4 Nf6 2. c4 e6 3. Nc3 d5 4. Bg5 c6 5. Nf3 Be7 6. e3 Nbd7 7. Be2 0-0 8. 0-0 b6 9. a3 Bb7 10. Rc1 dxc4 11. Bxc4 Qc7 12. Bf4 Qc8 13. Bd3 Nh5 14. Ne5 Nxf4 15. exf4 Nf6 16. Ne2 Rd8 17. b4 Qc7 18. Nxc6 Bxc6 19. b5 Bxa3 20. Rxc6 Qd7 21. Qb3 Bd6 22. g3 a5 23. Rfc1 Nd5 24. Be4 a4 25. Qf3 Nb4 26. Rxb6 Ra5 27. Rb7 Qe8 28. Bc6 Qf8 29. Qc3 a3 30. Ra1 a2 31. Nc1 Rda8 32. Qb3 Ra3 33. Qc4 R3a4 34. Qe2 Qc8 0-1